<?xml version="1.0" encoding="UTF-8"?><?xml-stylesheet type="text/xsl" href="static/style.xsl"?><OAI-PMH xmlns="http://www.openarchives.org/OAI/2.0/" xmlns:xsi="http://www.w3.org/2001/XMLSchema-instance" xsi:schemaLocation="http://www.openarchives.org/OAI/2.0/ http://www.openarchives.org/OAI/2.0/OAI-PMH.xsd"><responseDate>2026-04-13T01:54:15Z</responseDate><request verb="GetRecord" identifier="oai:www.recercat.cat:10230/71299" metadataPrefix="marc">https://recercat.cat/oai/request</request><GetRecord><record><header><identifier>oai:recercat.cat:10230/71299</identifier><datestamp>2025-10-01T01:55:56Z</datestamp><setSpec>com_2072_6</setSpec><setSpec>col_2072_452952</setSpec></header><metadata><record xmlns="http://www.loc.gov/MARC21/slim" xmlns:dcterms="http://purl.org/dc/terms/" xmlns:xsi="http://www.w3.org/2001/XMLSchema-instance" xmlns:doc="http://www.lyncode.com/xoai" xsi:schemaLocation="http://www.loc.gov/MARC21/slim http://www.loc.gov/standards/marcxml/schema/MARC21slim.xsd">
   <leader>00925njm 22002777a 4500</leader>
   <datafield ind2=" " ind1=" " tag="042">
      <subfield code="a">dc</subfield>
   </datafield>
   <datafield ind2=" " ind1=" " tag="720">
      <subfield code="a">Lapresta-Rey, Cecilio</subfield>
      <subfield code="e">author</subfield>
   </datafield>
   <datafield ind2=" " ind1=" " tag="720">
      <subfield code="a">Sáenz-Hernández, Isabel</subfield>
      <subfield code="e">author</subfield>
   </datafield>
   <datafield ind2=" " ind1=" " tag="720">
      <subfield code="a">Senar, Fernando</subfield>
      <subfield code="e">author</subfield>
   </datafield>
   <datafield ind2=" " ind1=" " tag="720">
      <subfield code="a">Janés, Judit</subfield>
      <subfield code="e">author</subfield>
   </datafield>
   <datafield ind2=" " ind1=" " tag="260">
      <subfield code="c">2025-09-30T06:23:08Z</subfield>
   </datafield>
   <datafield ind2=" " ind1=" " tag="260">
      <subfield code="c">2025-09-30T06:23:08Z</subfield>
   </datafield>
   <datafield ind2=" " ind1=" " tag="260">
      <subfield code="c">2022</subfield>
   </datafield>
   <datafield ind2=" " ind1=" " tag="520">
      <subfield code="a">Una de las dimensiones más significativas en el proceso de incorporación de los descendientes de migrados es la lingüística, tanto en sociedades oficialmente monolingües como, especialmente, bilingües. Ubicados en Cataluña, el modelo de convivencia e integración propuesto aboga por la creación de un proyecto común de convivencia plurilingüe y pluricultural, en el que la lengua catalana sea su eje vertebrador. Sin duda uno de los más importantes procesos de cara a la obtención de este fin, son las actitudes lingüísticas que los hijos e hijas de las migraciones construyen, debido a su comprobada influencia tanto en el aprendizaje lingüístico como en la integración sociocultural. Con este marco de fondo, el objetivo de este artículo es analizar los predictores sociodemográficos, sociofamiliares, psicosociales y lingüísticos que producen que las actitudes se ubiquen por encima o por debajo de la media, en el caso de descendientes de ecuatorianos, de otros países de Hispanoamérica y Marruecos en Cataluña. Los datos presentados son fruto de la aplicación de un cuestionario actitudinal y autoidentificatorio, así como de sendas pruebas de competencias lingüísticas (en catalán y español). Los principales resultados apuntan a que, si bien de manera bivariada las variables influyentes son numerosas, al introducirlas en Modelos de Regresión Logística, las más importantes conectan con la esfera autoidentificatoria, el lugar de nacimiento (e implícitamente la lengua familiar) y los usos lingüísticos. Las implicaciones de estos resultados son discutidas.</subfield>
   </datafield>
   <datafield ind1="8" ind2=" " tag="024">
      <subfield code="a">http://hdl.handle.net/10230/71299</subfield>
   </datafield>
   <datafield tag="653" ind2=" " ind1=" ">
      <subfield code="a">Actitudes lingüísticas</subfield>
   </datafield>
   <datafield tag="653" ind2=" " ind1=" ">
      <subfield code="a">Integración lingüística</subfield>
   </datafield>
   <datafield tag="653" ind2=" " ind1=" ">
      <subfield code="a">Descendientes de migrantes</subfield>
   </datafield>
   <datafield tag="653" ind2=" " ind1=" ">
      <subfield code="a">Cataluña</subfield>
   </datafield>
   <datafield ind2="0" ind1="0" tag="245">
      <subfield code="a">Las actitudes lingüísticas de los descendientes de migrantes en Cataluña. Análisis de sus predictores</subfield>
   </datafield>
</record></metadata></record></GetRecord></OAI-PMH>